000 00455nam a22001697a 4500
003 NUST - PNEC
005 20170116181115.0
008 151004b xxu||||| |||| 00| 0 eng d
040 _cLIBRARY
082 _a624.17 STE
100 _913159
_aStewart, David S
245 _aPractical design of simple steel structures Vol II
_cDavid S Stewart
250 _a2nd ed.
260 _c1940
650 _913161
_aBuilding, Iron and steel
_xME
942 _2ddc
_cBK
999 _c69295
_d69295